| 000 | 00930cam a2200133 4500500 | ||
|---|---|---|---|
| 005 | 20251214004336.0 | ||
| 041 | _afre | ||
| 042 | _adc | ||
| 100 | 1 | 0 |
_aPicard, Olivier _eauthor |
| 245 | 0 | 0 | _aLes Grecs devant la menace perse |
| 260 |
_bArmand Colin,
_c2014. |
||
| 520 | _aÉtude d’une question majeure de l’histoire de la Grèce antique ; la réaction face à la montée en puissance d’un empire à prétention universelle, celui des Perses. Trois moments sont analysés : la panique des Grecs lors de la conquête des cités d’Asie mineure. Au Ve siècle, la réaction d’Athènes qui organise le monde grec sous son autorité. Au IVe siècle, l’équilibre complexe qui résulte de l’interpénétration des deux mondes, l’or perse s’échangeant contre les mercenaires grecs. | ||
| 856 | 4 | 1 | _uhttps://shs.cairn.info/les-grecs-devant-la-menace-perse--9782718192321?lang=fr&redirect-ssocas=7080 |
| 999 |
_c1568455 _d1568455 |
||